Every Song by Marianas Trench - Statistics

General Stats
  • This quiz has been taken 18 times
    7 since last reset
  • The average score is 66 of 87
Answer Stats
Album Song % Correct
Astoria(2015) Astoria
100%
Ever After(2011) Ever After
100%
Marianas Trench(2002) Fix Me
100%
Fix Me(Bonus)(2006) Fix Me
100%
Haven(2024) Haven
100%
Masterpiece Theatre(2009) Masterpiece Theatre I
100%
Masterpiece Theatre(2009) Masterpiece Theatre II
100%
Masterpiece Theatre(2009) Masterpiece Theatre III
100%
Ever After(2011) Porcelain
100%
Ever After(2011) Stutter
100%
Masterpiece Theatre(2009) Acadia
80%
Fix Me(2006) Alibis
80%
Fix Me(2006) Alive Again
80%
Masterpiece Theatre(2009) All to Myself
80%
Haven(2024) Ancient History
80%
Haven(2024) A Normal Life
80%
Astoria(2015) August Burns Red
80%
Masterpiece Theatre(2009) Beside You
80%
Ever After(2011) B Team
80%
Astoria(2015) Burning Up
80%
Ever After(2011) By Now
80%
Masterpiece Theatre(2009) Celebrity Status
80%
Masterpiece Theatre(2009) Cross My Heart
80%
Marianas Trench(2002) Decided to Break It
80%
Fix Me(2006) Decided to Break It
80%
Ever After(2011) Desperate Measures
80%
Phantoms(2019) Don't Miss Me?
80%
Haven(2024) Down to You
80%
Phantoms(2019) Echoes of You
80%
Phantoms(2019) Eleonora
80%
Astoria(2015) End of an Era
80%
Ever After(2011) Fallout
80%
Phantoms(2019) Glimmer
80%
Ever After(2011) Haven't Had Enough
80%
Something Old / Something New(2015) Here's to the Zeros
80%
Astoria(2015) Hospital Bells
80%
Phantoms(2019) I Knew You When
80%
Haven(2024) I’m Not Getting Better
80%
Haven(2024) Lightning and Thunder
80%
Fix Me(2006) Low
80%
Astoria(2015) Never Say Die
80%
Haven(2024) Nights Like These
80%
Ever After(2011) No Place Like Home
80%
Astoria(2015) One Love
80%
Phantoms(2019) Only the Lonely Survive
80%
Masterpiece Theatre(2009) Perfect
80%
Something Old / Something New(2015) Pop 101
80%
Marianas Trench(2002) Primetime
80%
Haven(2024) Remember Me By
80%
Fix Me(2006) September
80%
Fix Me(2006) Shake Tramp
80%
Masterpiece Theatre(2009) Sing Sing
80%
Ever After(2011) So Soon
80%
Haven(2024) Stand and Fight
80%
Phantoms(2019) The Death of Me
80%
Phantoms(2019) The Killing Kind
80%
Ever After(2011) Toy Soldiers
80%
Ever After(2011) Truth or Dare
80%
Haven(2024) Turn and Run
80%
Fix Me(2006) Vertigo
80%
Astoria(2015) While We're Young
80%
Astoria(2015) Who Do You Love
80%
Astoria(2015) Yesterday
80%
Phantoms(2019) Your Ghost
80%
Astoria(2015) Dearly Departed
60%
Marianas Trench(2002) Far From Here
60%
Fix Me(2006) Far From Here
60%
Marianas Trench(2002) Feeling Small
60%
Masterpiece Theatre(2009) Good to You
60%
Astoria(2015) Hollywood Renaissance
60%
Haven(2024) Into the Storm
60%
Masterpiece Theatre(2009) Lover Dearest
60%
Haven(2024) Now or Never
60%
Marianas Trench(2002) Push
60%
Fix Me(2006) Push
60%
Non-Album(2017) Rhythm of Your Heart
60%
Fix Me(2006) Say Anything
60%
Astoria(2015) Shut Up and Kiss Me
60%
Marianas Trench(2002) Sicker Things
60%
Fix Me(2006) Skin & Bones
60%
Astoria(2015) This Means War
60%
Astoria(2015) Wildfire
60%
Phantoms(2019) Wish You Were Here
60%
Haven(2024) Worlds Collide
60%
Astoria(2015) And Straight on Til Morning
40%
Astoria(2015) Forget Me Not
40%
Marianas Trench(2002) Push You Up
40%
No matching quizzes found
Score Distribution
Percent of People with Each Score
Percentile by Number Answered
Your Score History
You have not taken this quiz since the last reset